Selected Letters of Sir J. G. Frazer : (Record no. 608040)

MARC details
000 -LEADER
fixed length control field 00542nam a2200193 a 4500
008 - FIXED-LENGTH DATA ELEMENTS--GENERAL INFORMATION
fixed length control field 260109s2005##################000#0#eng##
020 ## - INTERNATIONAL STANDARD BOOK NUMBER
ISBN 9780199266968
082 04 - DEWEY DECIMAL CLASSIFICATION NUMBER
Classification number 301.092
Item number FRA
100 1# - MAIN ENTRY--AUTHOR NAME
Personal name Frazer, James George,
245 10 - TITLE STATEMENT
Title Selected Letters of Sir J. G. Frazer :
260 ## - PUBLICATION, DISTRIBUTION, ETC. (IMPRINT)
Name of publisher Oxford University Press, USA,
Year of publication 2005.
300 ## - PHYSICAL DESCRIPTION
Number of Pages 437 pages
650 #0 - SUBJECT ADDED ENTRY--TOPICAL TERM
Topical Term Biography & Autobiography.
942 ## - ADDED ENTRY ELEMENTS (KOHA)
Koha item type English Books
Holdings
Withdrawn status Lost status Damaged status Not for loan Home library Current library Shelving location Date acquired Full call number Accession Number Price effective from Koha item type
        Anna Centenary Library Anna Centenary Library 3RD FLOOR, B WING 10.01.2026 301.092 FRA 279524 10.01.2026 English Books

Find us on the map